Statistiques concernant Top 50 des titres les plus écoutés depuis le début-Gabi

Cliquez ici pour prendre le quiz!

Statistiques générales

  • Ce quiz a été pris 2 fois
  • Le résultat moyen est 15 sur 50

Statistiques - réponses

RangTitreArtiste% Correct
1HumanoïdeNekfeu
100%
39AlbicelesteJazzy Bazz
50%
9AlunissonsNekfeu
50%
37AnnunakiVald
50%
36AthénaOrelsan
50%
21Avant tu riaisNekfeu, feat Clara Luciani
50%
19Ciel noirNekfeu
50%
20CivilisationOrelsan
50%
45De mes cendresNekfeu
50%
47Du propreOrelsan
50%
8EcrireNekfeu
50%
11Elle pleutNekfeu
50%
29Energie sombreNekfeu
50%
12EnsembleOrelsan
50%
35Ken KanekiNekfeu
50%
38Le bruit qui courtNekfeu
50%
18Les étoiles vagabondesNekfeu
50%
6Mignon mignonRené la taupe
50%
2MockingbirdEminem
50%
28Nek OS-Crew, feat Nekfeu
50%
13Oyà KayàNekfeu
50%
16PeonVald, feat Orelsan
50%
50RencontreDisiz, feat Damso
50%
5ShonenOrelsan
50%
3TakotsuboNekfeu
50%
22TricheurNekfeu, feat Damso
50%
43Un motVald
50%
40ZANDVOORT PALACEBB Jacques
50%
49Arkham AnthemJazzy Bazz
0%
4BénéficeSCH
0%
41Bien sûrVald
0%
17CnnLesram
0%
46Compte les hommesNekfeu
0%
44Count Me OutKendrick Lamar
0%
23CrystalLomepal
0%
10Element 115Jazzy Bass, feat Nekfeu
0%
24EncoreS-Crew
0%
42Father TimeKendrick Lamar
0%
26Laisse tomberVald
0%
15malevilNekfeu
0%
48MalpolisKalash, feat Damso
0%
33Moins unDinos, feat Nekfeu
0%
31Mojave GhostDinos
0%
14N'oublie pasNekfeu
0%
7Paradis artificielGros Mo, feat Nekfeu
0%
34Pour de fauxLomepal
0%
25P-Town BluesJazzy Bazz
0%
27.Raw SpleenOrelsan
0%
30Rêve mieuxOrelsan
0%
32The Heart Part 5Kendrick Lamar
0%

Distribution des résultats

Percentile par nombre de réponses

% des personnes avec chaque résultat

Votre développement - résultats

Vous n’avez pas pris ce quiz